000 01068nam a22003257a 4500
003 CHAP
005 20220817041313.0
008 971013s1972 r 00010 d
010 _a10865
011 _a11837
035 _a11265
040 _cCHAP
082 _a338.0183
_bM3
100 0 0 _aMartínez del Campo, Manuel.
_971980
245 _aFactores en el proceso de industrialización
260 _aMéxico, D. F. :
_bFondo de Cultura Económica,
_c1972
300 _a239 p.
490 _aSección de obras de economía
590 _aBATCH-UPD
_b10
_c20130110
_lUCH01
_h1024
590 _aBATCH-UPD
_b10
_c20130410
_lUCH01
_h0629
590 _aBATCH-UPD
_b10
_c20130914
_lUCH01
_h1148
590 _aCONVERSION
_b10
_c20130109
_lUCH01
_h1307
650 1 4 _aDesarrollo económico.
650 1 4 _aIndustrialización.
_957923
830 0 _aSección de obras de economía
901 _aBK
942 _cLIBRO
949 _a338.0183 M3
_bBC
_cLIBRO
_d33724000352555
_eLIBRO
_h29613
_i11265
_si
949 _a338.0183 M3
_bBC
_cLIBRO
_d33724000352563
_eLIBRO
_fc.2
_h40615
_i11265
_si
999 _c10865
_d10865